100 cases in obstetrics and gynaecology (Record no. 8287)
[ view plain ]
| 000 -LEADER | |
|---|---|
| fixed length control field | 00943pam a22002291 4500 |
| 020 ## - INTERNATIONAL STANDARD BOOK NUMBER | |
| ISBN | 9781444174250; 1444174258 |
| 050 ## - CALL NUMBER | |
| Classification number | RG106 |
| Item number | .B63 |
| 100 ## - AUTHOR | |
| Personal name | Bottomley Cecilia |
| 245 ## - TITLE | |
| Title | 100 cases in obstetrics and gynaecology |
| Statement of responsibility, etc | Cecilia Bottomley; Janice Rymer |
| 250 ## - EDITION | |
| Edition statement | Second edition |
| 260 ## - PUBLICATION INFORMATION | |
| Place of publication | Boca Raton : |
| Name of publisher | Taylor & Francis, |
| Year of publication | 2014. |
| 300 ## - DESCRIPTION | |
| Number of Pages | xiv, 298 pages. |
| 440 ## - SERIES | |
| SERIES | 100 cases. |
| 500 ## - NOTES | |
| General note | Includes index |
| 505 ## - FORMATTED CONTENTS NOTE | |
| Table of Content | Section 1: General gynaecology --<br/>Section 2: Emergency gynaecology --<br/>Section 3: Early pregnancy --<br/>Section 4: General obstetrics --<br/>Section 5: Peripartum care and obstetric emergencies --<br/>Section 6: Family planning and sexual health. |
| 650 ## - SUBJECTS | |
| Topical Term | Gynecology -- Case studies. Obstetrics -- Case studies. Gynecologic pathology. |
| 650 ## - SUBJECTS | |
| Topical Term | Obstetrics -- Case studies. |
| 650 ## - SUBJECTS | |
| Topical Term | Gynecologic pathology. |
| 700 ## - OTHER AUTHORS | |
| Personal name | Rymer, Janice |
| 942 ## - ADDED ENTRY ELEMENTS (KOHA) | |
| Koha item type | Books |
| Withdrawn status | Lost status | Collection code | Home library | Current library | Shelving location | Date acquired | Full call number | Accession Number | Koha item type | Source of acquisition |
|---|---|---|---|---|---|---|---|---|---|---|
| Reference | Methodist University Library Main | Methodist University Library Main | General Stacks | 15/06/2025 | RG106 .B63 | 9100 | Books | Legon Bookshop, Purchased | ||
| Reference | Methodist University Library Tema | Methodist University Library Tema | General Stacks | 15/07/2022 | RG106 .B63 | 8602 | Books | |||
| Methodist University Library Tema | Methodist University Library Tema | General Stacks | 15/07/2022 | RG106 .B63 | 8603 | Books |